| 000 | 00506nam a2200157Ia 4500 | ||
|---|---|---|---|
| 008 | 240126s9999 xx 000 0 und d | ||
| 022 | _a0975-7163 | ||
| 041 | _aEnglish | ||
| 082 | _aLIBRARY-XXIV | ||
| 245 | 0 | _aInternational Journal of Wireless Communications and Networking (IJWCN) (2011 - | |
| 260 |
_bInteranational Science Press _aGurgaon (India) |
||
| 440 | _aNULL | ||
| 650 | _aTelecommunication | ||
| 650 | _aWireless,Communications,Networking,(IJWCN),(2011,-,Telecommunication | ||
| 942 | _cJN | ||
| 999 |
_c277038 _d277038 |
||